THE HERO OF MEXICO /
LA OBRA ES UNA PRESENTACION ABREVIADA DEL ORIGINAL ELABORADA POR UN RELIGOSO DE "LOS HERMANOS DE SAN PAUL"
Gespeichert in:
| 1. Verfasser: | |
|---|---|
| Format: | Buch |
| Schlagworte: | |
| Tags: |
Keine Tags, Fügen Sie das erste Tag hinzu!
|
MARC
| LEADER | 00000nam^a2200000^a^4500 | ||
|---|---|---|---|
| 001 | 000257762 | ||
| 005 | 20250526000000.0 | ||
| 009 | 20260310110304.051 | ||
| 035 | |a C26327 | ||
| 037 | |a Acervo Xavier Clavigero | ||
| 082 | |a 255. 53092 |b RIE | ||
| 100 | |a Riedel, Karlheinz |e (autor) | ||
| 245 | 1 | 4 | |a THE HERO OF MEXICO / |c KARLHEIM RIEDEL, S.J |
| 264 | |a U.S.A. : |b APOSTOLATE OF THE PRESS, |c 1955 | ||
| 300 | |a [16] h. : |b il. | ||
| 336 | |a texto |b txt |2 rdacontenido | ||
| 337 | |a sin mediación |b n |2 rdamedio | ||
| 338 | |a volumen |b nc |2 rdasoporte | ||
| 520 | |a LA OBRA ES UNA PRESENTACION ABREVIADA DEL ORIGINAL ELABORADA POR UN RELIGOSO DE "LOS HERMANOS DE SAN PAUL" | ||
| 649 | |a XX | ||
| 650 | |a Pro Juárez, Miguel Agustín | ||
| 650 | |a Mártires | ||
| 650 | |a * Jesuitas | ||
| 650 | |a Guerra Cristera | ||
| 910 | |a Fondo Jesús Gómez Fregoso S.J. FXC | ||
| 920 | |a Impresos - Libros | ||
| 930 | |a Libros Antiguos y Raros | ||
| 940 | |a Guerra Cristera | ||
| 905 | |a 110 | ||
| 901 | |a 026327 |b IT2 |c LRA |i C26327 |u 20250526 | ||
| 902 | |a https://opac.biblio.iteso.mx/vufind/Record/000257762 | ||